Stations in Cambridgeshire - MAP Quiz Stats

 Plays Quiz not verified by Sporcle

Challenge
Share
Tweet
Score 0/20 Timer 05:00
0 Plays Today
% Correct
Cambridge
99.6%
Peterborough
95.6%
Ely
93.8%
Cambridge North
90.7%
March
85.9%
Huntingdon
82.8%
St. Neots
80.2%
Waterbeach
74.9%
Whittlesea
70.5%
Manea
67.8%
% Correct
Foxton
67%
Littleport
63.9%
Whittlesford Parkway
62.6%
Shepreth
59.5%
Shippea Hill
56.8%
Meldreth
55.9%
Dullingham
52%
Kennett
47.6%
Shelford
46.7%
Ashwell & Morden
45.4%

You're not logged in!

Compare scores with friends on all Sporcle quizzes.
OR
Log In

You Might Also Like...

Show Comments

Extras

Created Apr 1, 2016ReportNominate
Tags:map, railway, station

Top Quizzes Today


Score Distribution

Your Account Isn't Verified!

In order to create a playlist on Sporcle, you need to verify the email address you used during registration. Go to your Sporcle Settings to finish the process.

Report this User

Report this user for behavior that violates our Community Guidelines.

Details: